000 00373nam a2200181Ia 4500
005 20251020182556.0
008 200515s9999 xx 000 0 und d
082 _aR-MP/SENC/1996
110 _aSENCICO
245 0 _aMemoria 1996
260 _aLima
260 _c1996
300 _a36
650 _aLIB
650 _aMEMORIAS
650 _aPUB SENCICO
942 _cLIB
999 _c2909
_d2909